000 00767nam a22002777a 4500
001 BR2011002780
003 BR-BrBNA
005 20231010150821.0
007 ta
008 230509b bl.||||| |||| 00| 0 por d
040 _aBR-BrBNA
_bpor
_cBiblioteca Nacional de Agricultura
041 _a(Por)
072 _aD50
110 1 _aMinistério da Agricultura, Pecuária e Abastecimento, Brasilia, DF (Brasil). Secretaria Executiva
_97368
245 1 _aManual de gestão e fiscalização de contratos
260 3 _aBrasília, DF (Brasil):
_c2009.
300 _a32 p.
500 _a50 tables
650 _aGESTÃO
650 _aDIRETRIZ
650 _aCONTRATO
650 _aLEGISLAÇÃO
650 _aDECRETO
650 _aNORMALIZAÇÃO
942 _cBK
_2AGRIS
999 _c76282
_d76282